000 00945nam a22003730a 4500
001 PT21223
003 AR-LpoUNG
005 20210131232954.0
008 191001s2008||||ag |||||||||||||||||spa d
020 _a9789507930621
_c$18,67
040 _aAR-LpoUNG
_bspa
_cAR-LpoUNG
_eaacr
041 _aspa
044 _aag
082 0 _a982.065 893opo
100 1 _aPozzi, Pablo
245 1 0 _aOposiciones obreras a la dictadura :
_b1976 - 1982
250 _a1§ edición
260 _aBuenos Aires :
_bImago Mundi,
_c2008.
300 _a229 p. :
_bil.
650 4 _aANALISIS HISTORICO
650 4 _aANALISIS SOCIOLOGICO
650 4 _aARGENTINA
650 4 _aCLASE OBRERA
650 4 _aDICTADURA
650 4 _aGOBIERNO MILITAR
650 4 _aHISTORIA
650 4 _aHISTORIA POLITICA
650 4 _aHISTORIA SOCIAL
650 4 _aSOCIOLOGIA
650 4 _aTRABAJADORES
651 4 _aArgentina
905 _a21223
942 _cLIB
999 _c18488
_d18488